22 Concurso de cuentos de Radio Santa María. Ganadores 2015 (Record no. 7792)

MARC details
000 -LEADER
campo de control de longitud fija 00384nam a2200133Ia 4500
001 - NÚMERO DE CONTROL
campo de control 4174
008 - DATOS DE LONGITUD FIJA--INFORMACIÓN GENERAL
campo de control de longitud fija 241024s9999 xx 000 0 und d
082 ## - NÚMERO DE LA CLASIFICACIÓN DECIMAL DEWEY
Número de clasificación RD/863.44/R129c/2015
100 ## - ENTRADA PRINCIPAL--NOMBRE DE PERSONA
Nombre de persona Radio Santa María
245 #0 - MENCIÓN DEL TÍTULO
Título 22 Concurso de cuentos de Radio Santa María. Ganadores 2015
260 ## - PUBLICACIÓN, DISTRIBUCIÓN, ETC.
Nombre del editor, distribuidor, etc. Ediciones Radio Santa María
Fecha de publicación, distribución, etc. 2015
901 ## - ELEMENTOS DE DATOS A LOCAL LDA (RLIN)
a 18/8/2016 12:40:02 p.m.

No items available.

© 2024. Todos los Derechos Reservados. Desarrollado por IDEICE